01035nam a2200205 a 450000100060000000300090000600800410001502000150005604000280007108200160009910000300011524500890014526000310023430000090026550504340027465000400070865000220074865000190077065000400078920852CO-ViMGA141112s2004 ck r 000 u spa d a9586534707 aCO-ViMGAbspacCO-ViMGA04a343.02 E7781 aGodoy Fajardo, Juan Pablo10aEstudios de derecho internacional tributario : bLos convenios de doble imposición aBogotá : bLegis, c2006 a739p aInterpretación de los convenios de doble imposición internacional 4 - - Latributación de los beneficios empresariales 149 - - Empresas asociadas en los convenios de doble imposición internacional 294 - - La imposición a los servicios en los convenios internacionales de doble imposición 397 - - Metodos para evitar la doble tributación internacional 413 - - Convenios de doble tributación de latinoAmérica 707 14aCOLOMBIA - TRATADOS INTERNACIONALES14aDERECHO COMPARADO14aDERECHO FISCAL14aESPAÑA - TRATADOS INTERNACIONALES